| 000 | 00884cam a2200265 a 4500 | ||
|---|---|---|---|
| 003 | UPN | ||
| 005 | 20250808063911.0 | ||
| 008 | 191126s2019 mx aod dr 000 0 spa d | ||
| 020 | _a9786075512075 | ||
| 035 | _aUPN01000234324 | ||
| 040 |
_aMX-MxUPN _bspa _cMX-MxUPN |
||
| 050 | 4 |
_aLB1645 _bM61 2019 LM |
|
| 245 | 0 | 0 |
_aMatemáticas : _blibro para el maestro : telesecundaria : primer grado |
| 250 | _aSegunda edición | ||
| 260 |
_aMéxico : _bSEP, Dirección General de Materiales Educativos , _c2019. |
||
| 300 |
_a175 páginas : _bilustraciones, fotografías, gráficas |
||
| 490 | 0 | _aTelesecundaria | |
| 500 | _a"Ciclo escolar 2019-2020". | ||
| 650 | 7 |
_94860 _aMatemáticas _xEstudio y enseñanza (Secundaria) |
|
| 650 | 4 |
_aMatemáticas _vLibros de texto _919875 |
|
| 650 | 4 |
_aTelesecundaria _96411 |
|
| 905 | _aLibro | ||
| 942 |
_2lcc _cLIBRO |
||
| 999 |
_c206419 _d206419 |
||